|
|
|
|
| LEADER |
03858nam a2200457 4500 |
| 001 |
978-3-642-37896-6 |
| 003 |
DE-He213 |
| 005 |
20190621151012.0 |
| 007 |
cr nn 008mamaa |
| 008 |
171201s2018 gw | s |||| 0|eng d |
| 020 |
|
|
|a 9783642378966
|9 978-3-642-37896-6
|
| 024 |
7 |
|
|a 10.1007/978-3-642-37896-6
|2 doi
|
| 040 |
|
|
|d GrThAP
|
| 050 |
|
4 |
|a GA1-1776
|
| 072 |
|
7 |
|a RGW
|2 bicssc
|
| 072 |
|
7 |
|a SCI030000
|2 bisacsh
|
| 072 |
|
7 |
|a RGW
|2 thema
|
| 082 |
0 |
4 |
|a 910.285
|2 23
|
| 245 |
1 |
0 |
|a Spatial Analysis and Location Modeling in Urban and Regional Systems
|h [electronic resource] /
|c edited by Jean-Claude Thill.
|
| 250 |
|
|
|a 1st ed. 2018.
|
| 264 |
|
1 |
|a Berlin, Heidelberg :
|b Springer Berlin Heidelberg :
|b Imprint: Springer,
|c 2018.
|
| 300 |
|
|
|a VI, 387 p. 111 illus., 76 illus. in color.
|b online resource.
|
| 336 |
|
|
|a text
|b txt
|2 rdacontent
|
| 337 |
|
|
|a computer
|b c
|2 rdamedia
|
| 338 |
|
|
|a online resource
|b cr
|2 rdacarrier
|
| 347 |
|
|
|a text file
|b PDF
|2 rda
|
| 490 |
1 |
|
|a Advances in Geographic Information Science,
|x 1867-2434
|
| 505 |
0 |
|
|a Innovations in GIS&T, location modeling and spatial analysis -- A bayesian interpolation method to estimate per capita GDP at the sub-regional level: local labor markets in Spain -- Discovering functional zones in a city using human movements and points of interest -- Is your city economic, cultural, or political? recognition of city image based on multidimensional scaling of quantified web pages -- Spatial hedonic modeling of housing prices using auxiliary maps -- Modeling and simulation of cohesion policy funding and regional growth diffusion in an enlarged European Union -- Analyzing and simulating urban density: exploring the differences between policy ambitions and actual trends in the Netherlands -- A decision support system for farmland preservation: integration of past and present land use -- Aggregate and disaggregate dynamic spatial interaction approaches to modeling coin diffusion -- Comprehensive evaluation of the regional environmental and socio-economic impacts of adopting advanced technologies for the treatment of sewage sludge in Beijing -- Locational modeling in spatial analysis: development and maturity of concepts -- Spatial uncertainty challenges in location modeling with dispersion requirements -- The nearest neighbor ant colony system: a spatially-explicit algorithm for the traveling salesman problem -- Large-scale energy infrastructure optimization: breakthroughs and challenges of CO2 capture and storage (CCS) modeling -- The recharging infrastructure needs for long distance travel by electric vehicles: a comparison of battery-switching and quick-charging stations -- Transport strategies in reverse logistics for establishing a sound material-cycle society.
|
| 520 |
|
|
|a This contributed volume collects cutting-edge research in Geographic Information Science & Technologies, Location Modeling, and Spatial Analysis of Urban and Regional Systems. The contributions emphasize methodological innovations or substantive breakthroughs on many facets of the socio-economic and environmental reality of urban and regional contexts.
|
| 650 |
|
0 |
|a Geographical information systems.
|
| 650 |
1 |
4 |
|a Geographical Information Systems/Cartography.
|0 http://scigraph.springernature.com/things/product-market-codes/J13000
|
| 700 |
1 |
|
|a Thill, Jean-Claude.
|e editor.
|4 edt
|4 http://id.loc.gov/vocabulary/relators/edt
|
| 710 |
2 |
|
|a SpringerLink (Online service)
|
| 773 |
0 |
|
|t Springer eBooks
|
| 776 |
0 |
8 |
|i Printed edition:
|z 9783642378959
|
| 776 |
0 |
8 |
|i Printed edition:
|z 9783642378973
|
| 776 |
0 |
8 |
|i Printed edition:
|z 9783662568613
|
| 830 |
|
0 |
|a Advances in Geographic Information Science,
|x 1867-2434
|
| 856 |
4 |
0 |
|u https://doi.org/10.1007/978-3-642-37896-6
|z Full Text via HEAL-Link
|
| 912 |
|
|
|a ZDB-2-EES
|
| 950 |
|
|
|a Earth and Environmental Science (Springer-11646)
|